| 000 | 00674nam a2200241 a 4500 | ||
|---|---|---|---|
| 001 | 4931 | ||
| 003 | CO-ViMGA | ||
| 008 | 141112s2004 ck r 000 u spa d | ||
| 020 | _a9586016358 | ||
| 040 |
_aCO-ViMGA _bspa _cCO-ViMGA |
||
| 082 | 0 | 4 | _a154.7 A877 |
| 100 | 1 |
_aAustin, Valerie _93111 |
|
| 245 | 1 | 0 |
_aAutohipnosis : _buna llave para alcanzar el exito y la felicidad |
| 260 |
_aMexico : _bHermes, _c1997 |
||
| 300 | _a159 p | ||
| 490 | _aSaber y superarse | ||
| 590 | _aEjemplares : 2 | ||
| 650 | 1 | 4 |
_aAUTOCURACION _93112 |
| 650 | 1 | 4 |
_aHIPNOSIS - HISTORIA _93113 |
| 650 | 1 | 4 |
_aMENTE - EJERCICIOS _93114 |
| 650 | 1 | 4 |
_aRELAJACION - TECNICAS _93115 |
| 942 |
_2ddc _cBK |
||
| 999 |
_c16934 _d16934 |
||